000 00854nam a2200289 a 4500
003 AR-BaBNM
005 20251128202757.0
008 082120s2002 ||||||||||||||000 | spa||
040 _cAR-BaBNM
100 1 _aCaillava, Domingo A.
245 0 0 _aHistoria de la literatura gauchesca en el Uruguay
_bresumen histórico 1810-1940
260 _aMontevideo
_bClaudio García
_c1945
300 _a221 p.
490 0 _aBiblioteca Rodó de literatura e historia. Auteres uruguayos
500 _aContiene índice de autores y críticos citados
650 4 _aHISTORIA LITERARIA
650 4 _aTEATRO
650 4 _aHISTORIA SOCIAL
650 4 _aANALISIS LITERARIO
651 4 _aUruguay
653 _aGAUCHOS
653 _aLITERATURA GAUCHESCA
655 _aLITERATURA
800 1 _aFernández Dios, Ovidio
_edirector
942 _cBK
998 _cisola
999 _c521
_d521